00518 2200193 4500001002100000005001500021035002000036007000300056008004100059020001800100082001000118084001600128100001600144245006500160260003400225300003900259650001000298990001600308INLIS00000000000016220231013024559 a0010-1023000098ta231013 g 0 ind  a979-21-1468-8 a636.5 a636.5 BUD m0 aBudi Samadi1 aMelon :bUsaha Tani dan Penanganan PascaPanen /cBudi Samadi aYogyakarta :bKANISIUS,c2007 a127 hlm, :bilus, ;c14 cm x 21 cm 4aMelon a00000000174